Austria states - Statistics

General Stats
  • This quiz has been taken 16 times
  • The average score is 8 of 9
Answer Stats
Answer % Correct
Lower Austria
100%
Salzburg
100%
Upper Austria
100%
Vienna
100%
Vorarlberg
92%
Burgenland
85%
Carinthia
85%
Styria
85%
Tyrol
85%
No matching quizzes found
Score Distribution
Percent of People with Each Score
Percentile by Number Answered
Your Score History
You have not taken this quiz